| 000 | 00399 a2200157 4500 | ||
|---|---|---|---|
| 001 | 177691 | ||
| 020 | _a85-7191-011-1 | ||
| 040 | _cMagnum | ||
| 100 | _aSanta Rosa, Nereide Schilaro | ||
| 240 | 1 | 0 |
_aSonhos e realidade: a primeira metade do século XX _lpor |
| 245 | 1 | 0 | _aSonhos e realidade: a primeira metade do século XX |
| 300 | _a30 | ||
| 362 | 0 | _a2002 | |
| 697 | _aPINTORES | ||
| 942 | _cBK | ||
| 999 |
_c177691 _d177691 |
||